000 00752nam a2200181 a 4500
003 0
005 20250516084640.0
008 030519s19uu xx 00 eng d
050 _aPHS HQ 799.2.D44
_b.C67 2003
100 _aCoruña, Michael A.
245 _aA Profile on the factors that affect the decision-making of fourth year students of Southville International School and Colleges and De La Salle Zobel /
_cMichael A. Coruña.
260 _aLas Piñas City, Philippines :
_bSouthville International School and Colleges,
_c2003.
300 _aunnumbered pages :
_billustrations ;
_c28 cm.
504 _aIncludes bibliographical references.
650 _aDecision making in adolescence.
650 _aStudents
_xDecision making.
942 _2lcc
_cPASS
999 _c96778
_d96778